Annual review of astronomy and astrophysics (Record no. 16696)
[ view plain ]
| 000 -LEADER | |
|---|---|
| fixed length control field | 00769nam a2200217Ia 4500 |
| 003 - CONTROL NUMBER IDENTIFIER | |
| control field | IN-BaIIA |
| 008 - FIXED-LENGTH DATA ELEMENTS--GENERAL INFORMATION | |
| fixed length control field | 211028s9999 xx 000 0 eng d |
| 020 ## - INTERNATIONAL STANDARD BOOK NUMBER | |
| International Standard Book Number | 978-0-8243-0945-9 |
| 040 ## - CATALOGING SOURCE | |
| Transcribing agency | IIA Library |
| 080 ## - UNIVERSAL DECIMAL CLASSIFICATION NUMBER | |
| Universal Decimal Classification number | (05)52 |
| Item number | ANN-45 |
| 245 #0 - TITLE STATEMENT | |
| Title | Annual review of astronomy and astrophysics |
| Remainder of title | vol. 45 |
| Statement of responsibility, etc. | edited by Blandford Roger, John Kormendey and Ewnie Van Dishoeck |
| 260 ## - PUBLICATION, DISTRIBUTION, ETC. | |
| Place of publication, distribution, etc. | Palo Alto |
| Name of publisher, distributor, etc. | Annual Reviews |
| Date of publication, distribution, etc. | 2007 |
| 300 ## - PHYSICAL DESCRIPTION | |
| Extent | xi, 701p. |
| 650 ## - SUBJECT ADDED ENTRY--TOPICAL TERM | |
| Topical term or geographic name entry element | Astronomy and astrophysics thesaurus |
| 650 ## - SUBJECT ADDED ENTRY--TOPICAL TERM | |
| Topical term or geographic name entry element | Astronomy-Periodicals |
| 9 (RLIN) | 4087 |
| 650 ## - SUBJECT ADDED ENTRY--TOPICAL TERM | |
| Topical term or geographic name entry element | Astrophysics-Periodicals |
| 9 (RLIN) | 4088 |
| 700 ## - ADDED ENTRY--PERSONAL NAME | |
| Personal name | Blandford, Roger, ed. |
| 9 (RLIN) | 28594 |
| 700 ## - ADDED ENTRY--PERSONAL NAME | |
| Personal name | Dishoeck, Ewnie Van, ed. |
| 9 (RLIN) | 31135 |
| 700 ## - ADDED ENTRY--PERSONAL NAME | |
| Personal name | Kormendey, John, ed. |
| 942 ## - ADDED ENTRY ELEMENTS (KOHA) | |
| Koha item type | Books |
| Withdrawn status | Lost status | Damaged status | Not for loan | Home library | Current library | Shelving location | Date acquired | Source of acquisition | Cost, normal purchase price | Total Checkouts | Full call number | Barcode | Date last seen | Cost, replacement price | Price effective from | Koha item type | Purchase Price |
|---|---|---|---|---|---|---|---|---|---|---|---|---|---|---|---|---|---|
| IIA Library-Bangalore | IIA Library-Bangalore | General Stacks | 29/11/2007 | EDS | 9343.00 | (05)52/ ANN-45 | 17618 | 05/11/2021 | 9343.00 | 29/11/2007 | Books | Rs. 9343.00 |